National integrity system : a guiding framework.
| Corporate Authors: | , |
|---|---|
| Format: | Book |
| Published: |
Kuala Lumpur:
UNDP,
2007.
|
| Subjects: |
| LEADER | 00519cam a2200157 7i4500 | ||
|---|---|---|---|
| 001 | 0000021457 | ||
| 005 | 20080730090000.0 | ||
| 020 | 0 | 0 | |a 983-42266-0-8 |
| 090 | 0 | 0 | |a M 364.1 |b NAT |
| 245 | 0 | 0 | |a National integrity system : |b a guiding framework. |
| 260 | 0 | 0 | |a Kuala Lumpur: |b UNDP, |c 2007. |
| 300 | # | # | |a 187 p. |
| 650 | 0 | 0 | |a Corruption -- |x Prevention -- |z Malaysia |
| 710 | 2 | 1 | |a Malaysian Institute of integrity |
| 710 | 2 | 1 | |a United Natons Development Programme [Malaysia] |
| 999 | |a 0000020704 |b Book |c Malaysia |e Business Information Centre | ||


